| 000 -LEADER |
| fixed length control field |
01787cam a22002774a 4500 |
| 020 ## - INTERNATIONAL STANDARD BOOK NUMBER |
| ISBN |
0821370766 |
| 020 ## - INTERNATIONAL STANDARD BOOK NUMBER |
| ISBN |
9780821370773 |
| 040 ## - CATALOGING SOURCE |
| Transcribing agency |
a |
| 082 ## - DEWEY DECIMAL CLASSIFICATION NUMBER |
| Classification number |
330 WOR 2007 A065 Or. |
| 110 2# - MAIN ENTRY--CORPORATE NAME |
| Corporate name or jurisdiction name as entry element |
World Bank. |
| 245 14 - TITLE STATEMENT |
| Title |
The Little Data Book on Private Sector Development 2007 |
| 260 ## - PUBLICATION, DISTRIBUTION, ETC. (IMPRINT) |
| Place of publication |
Washington, D.C. : |
| Name of publisher |
The World Bank, |
| Year of publication |
2007. |
| 300 ## - PHYSICAL DESCRIPTION |
| Number of Pages |
1 online resource (236 p.) |
| 490 1# - SERIES STATEMENT |
| Series statement |
World Development Indicators |
| 520 3# - SUMMARY, ETC. |
| Summary, etc |
The Little Data Book on Private Sector Development 2007 is one of a series of pocket-sized books intended to provide a quick reference to development data on different topics. The Little Data Book on Private Sector Development 2007 provides data for more than 20 key indicators on business environment and private sector development in a single page for each of the World Bank member countries and other economies with populations of more than 30,000. These more than 200 country pages are supplemented by aggregate data for regional and income groupings. The data topics include: economic and social context; business environment; private sector investment; finance and banking; infrastructure. It is intended as a quick reference for users of World Development Indicators, WDI Online, and the Atlas of Global Development. The book also includes data from the World Bank's Doing Business project and Enterprise Surveys. |
| 650 #4 - SUBJECT ADDED ENTRY--TOPICAL TERM |
| Topical Term |
Banks and Banking Reform. |
| 650 #4 - SUBJECT ADDED ENTRY--TOPICAL TERM |
| Topical Term |
Debt Markets. |
| 650 #4 - SUBJECT ADDED ENTRY--TOPICAL TERM |
| Topical Term |
Economic Theory and Research. |
| 650 #4 - SUBJECT ADDED ENTRY--TOPICAL TERM |
| Topical Term |
Finance and Financial Sector Development. |
| 650 #4 - SUBJECT ADDED ENTRY--TOPICAL TERM |
| Topical Term |
Financial Literacy. |
| 650 #4 - SUBJECT ADDED ENTRY--TOPICAL TERM |
| Topical Term |
Investment and Investment Climate. |
| 650 #4 - SUBJECT ADDED ENTRY--TOPICAL TERM |
| Topical Term |
Macroeconomics and Economic Growth. |
| 710 2# - ADDED ENTRY--CORPORATE NAME |
| Corporate name or jurisdiction name as entry element |
World Bank. |
| 856 40 - ELECTRONIC LOCATION AND ACCESS |
| Uniform Resource Identifier |
http://elibrary.worldbank.org/content/book/9780821370766 |
| 942 ## - ADDED ENTRY ELEMENTS (KOHA) |
| Koha item type |
សៀវភៅភាសាអង់គ្លេស |
| 952 ## - LOCATION AND ITEM INFORMATION (KOHA) |
| Withdrawn status [LOCAL, KOHA] |
0 |